| 000 | 00324nam a22000977a 4500 | ||
|---|---|---|---|
| 005 | 20250901165537.0 | ||
| 008 | 210607b |||||||| |||| 00| 0 eng d | ||
| 050 | _aAS30 .A56 1993 | ||
| 245 |
_aAnnals of Scholarship _bAn International Quarterly in the Humanities and Social Science |
||
| 942 |
_2lcc _hAS30 .A56 1993 |
||
| 999 |
_c5597 _d5597 |
||